Foundations of general topology /

Guardado en:
Autor Principal: Pervin, William J.
Formato: Libro
Idioma:English
Publicado: New York : Academic Press, c1964.
Series:Academic Press textbooks in mathematics
Etiquetas: Agregar Etiqueta
Sin Etiquetas, Sea el primero en etiquetar este registro!
LEADER 00498nam a22001575a 4500
001 MAT.inmabb001394
008 031124s1964####nyu###########000#0#eng#d
005 20130326203342.0
245 1 0 |a Foundations of general topology /  |c William J. Pervin. 
260 |a New York :  |b Academic Press,  |c c1964. 
300 |a xi, 209 p. ;  |c 24 cm. 
440 0 |a Academic Press textbooks in mathematics 
510 4 |a MR,  |c 29 #2759 
100 1 |a Pervin, William J. 
084 |a 54-01  |2 msc2000 
859 |h 54  |i P471  |p A-1653  |b BIB. MATEMATICA